| 000 | 00756 a2200241 4500 | ||
|---|---|---|---|
| 001 | 0000 | ||
| 003 | 0000 | ||
| 005 | 20251121114514.0 | ||
| 020 | _a9789819610815 | ||
| 040 | _erda | ||
| 050 | _aTP 359 .B56 .R53 | ||
| 100 | _aJawaid Mohammad (editor) | ||
| 245 |
_aRice Husk Biomass _bProcessing, Properties and Applications _cEdited by Mohammad Jawaid and Brajendra Parmar |
||
| 264 |
_aSingapore _bSpringer _c2025 |
||
| 300 | _axii, 323p. ill. | ||
| 336 | _2rdacontent | ||
| 338 | _2rdacarrier | ||
| 490 | _aSustainable Materials and Technology | ||
| 504 | _aIncludes References | ||
| 650 |
_a _vRenewable energy sources. _xBiomass energy. |
||
| 651 |
_v _xBiofuels |
||
| 942 |
_2lcc _cBK |
||
| 999 |
_c44009 _d44009 |
||